North American Cities by Transit System - Statistics

General Stats
  • This quiz has been taken 43 times
  • The average score is 7 of 8
Answer Stats
Picture Answer % Correct
New York City
97%
Las Angeles
92%
San Francisco
90%
Washington D.C.
85%
Boston
82%
Baltimore
77%
Miami
74%
Atlanta
72%
No matching quizzes found
Score Distribution
Percent of People with Each Score
Percentile by Number Answered
Your Score History
You have not taken this quiz